| Tag |
First Indicator |
Second Indicator |
Subfields |
| LEADER |
00000cam a2200000 a 4500 |
| 001 |
in00000084333 |
| 005 |
20151008061331.0 |
| 008 |
820308s1981 nyu 00011 eng |
| 010 |
|
|
|a 81066964
|
| 020 |
|
|
|a 0877953325 :
|c $11.95
|
| 035 |
|
|
|a (OCoLC)07771813
|
| 035 |
|
|
|9 AAJ7832AM
|
| 039 |
0 |
|
|a 2
|b 3
|c 3
|d 3
|e 3
|
| 040 |
|
|
|a DLC
|c DLC
|d TXA
|d UtOrBLW
|
| 049 |
|
|
|a TXAM
|c [1561316]
|
| 050 |
0 |
0 |
|a PS3557.O34
|b F3 1981
|
| 082 |
0 |
|
|a 813/.54
|2 19
|
| 100 |
1 |
|
|a Gold, Herbert,
|d 1924-
|
| 245 |
1 |
0 |
|a Family :
|b a novel in the form of a memoir /
|c by Herbert Gold.
|
| 264 |
|
1 |
|a New York :
|b Arbor House,
|c [1981]
|
| 264 |
|
4 |
|c ©1981
|
| 300 |
|
|
|a 192 pages ;
|c 22 cm.
|
| 336 |
|
|
|a text
|b txt
|2 rdacontent
|
| 337 |
|
|
|a unmediated
|b n
|2 rdamedia
|
| 338 |
|
|
|a volume
|b nc
|2 rdacarrier
|
| 999 |
|
|
|a MARS
|
| 999 |
f |
f |
|s 79360ac5-61e1-30b6-b0d1-da28da846c0c
|i b0635fd5-b6e6-3a96-a086-c4b9607ab128
|t 0
|
| 952 |
f |
f |
|p ric
|a Texas A&M University
|b Rellis Campus
|c Joint Library Facility
|d Remote Storage
|t 0
|e PS3557.O34 F3 1981
|h Library of Congress classification
|i unmediated -- volume
|m A14806192404
|
| 998 |
f |
f |
|a PS3557.O34 F3 1981
|t 0
|l Remote Storage
|